Proces koučingu v praxi

Výber, proces a ciele koučingu. Akčný plán koučovacích stretnutí, ktoré by mali byť "šité na mieru", podľa aktuálnej situácie a danej osobnosti. Efektívnosť koučovania.

Salvato in:
Dettagli Bibliografici
Autore principale: Forró, Andrea
Natura: Capitolo di libro
Lingua:slovacco
Soggetti:
Tags: Aggiungi Tag
Nessun Tag, puoi essere il primo ad aggiungerne!!

MARC

LEADER 00000naa a2200000 4500
001 0159811
005 20230912101551.0
041 0 |a slo 
044 |a SK 
245 1 0 |a Proces koučingu v praxi  |c Andrea Forró 
520 |a Výber, proces a ciele koučingu. Akčný plán koučovacích stretnutí, ktoré by mali byť "šité na mieru", podľa aktuálnej situácie a danej osobnosti. Efektívnosť koučovania. 
610 2 0 |a koučovanie 
610 2 0 |a manažéri 
610 2 0 |a komunikácia manažérska 
610 2 0 |a rozhodovanie manažérske 
610 2 0 |a riadenie 
610 2 0 |a osobnosť 
610 2 0 |a sebapoznanie 
100 1 |a Forró, Andrea